|
|
|
|
| LEADER |
01474nam a22003252i 4500 |
| 001 |
001588093 |
| 003 |
CZ BrMZK |
| 005 |
20171116073304.0 |
| 007 |
ta |
| 008 |
170801s1972 xr er|||||||||||cze d |
| 040 |
|
|
|a BOA001
|b cze
|e rda
|
| 072 |
|
7 |
|a 321
|x Politologie
|2 Konspekt
|9 15
|
| 080 |
|
|
|a 321
|2 MRF
|
| 080 |
|
|
|a (049)
|2 MRF
|
| 245 |
0 |
0 |
|a K aktuálním otázkám ideologie.
|b Několik poznámek k deformaci některých marxistických pojmů v krizovém období /
|c Miroslav Zůna. Kritika revizionistické koncepce tzv. antropologického a scientistního kritéria rozvoje politického systému socialismu / Ladislav Tomášek
|
| 264 |
|
1 |
|a [Praha] :
|b [ÚV KSČ],
|c [1972]
|
| 300 |
|
|
|a 8 stran ;
|c 21 cm
|
| 336 |
|
|
|a text
|b txt
|2 rdacontent
|
| 337 |
|
|
|a bez média
|b n
|2 rdamedia
|
| 338 |
|
|
|a svazek
|b nc
|2 rdacarrier
|
| 650 |
0 |
7 |
|a marxismus
|7 ph122650
|2 czenas
|
| 655 |
|
7 |
|a pojednání
|7 fd133056
|2 czenas
|
| 700 |
1 |
2 |
|a Zůna, Miroslav.
|t Několik poznámek k deformaci některých marxistických pojmů v krizovém období
|
| 700 |
1 |
2 |
|a Tomášek, Ladislav.
|t Kritika revizionistické koncepce tzv. antropologického a scientistního kritéria rozvoje politického systému socialismu
|
| 730 |
0 |
2 |
|a K aktuálním otázkám ideologie
|
| 772 |
0 |
8 |
|i Samostatná příloha seriálu:
|t Tvorba.
|g č. 39/1972
|
| 910 |
|
|
|a BOA001
|b X-0692.576
|
| 990 |
|
|
|a BK
|
| 991 |
|
|
|b 201707
|
| 996 |
6 |
|
|b 2619188963
|c X-0692.576
|l MZK
|r Sklad / do 24 hodin
|n 0
|w 001623444
|u 000010
|a 1
|e BOA001
|j MZK50
|s P
|